Advances in agro industry and food processing (Record no. 83734)

MARC details
000 -LEADER
fixed length control field 00828nam a2200157 a 4500
008 - FIXED-LENGTH DATA ELEMENTS--GENERAL INFORMATION
fixed length control field 120416s0000 ||||||||||||||||| || u
020 ## - INTERNATIONAL STANDARD BOOK NUMBER
International Standard Book Number 8187336218
050 ## - LIBRARY OF CONGRESS CALL NUMBER
Classification number TP 370 Chi
100 ## - MAIN ENTRY--PERSONAL NAME
Personal name Chintamani, Raghuraj
245 10 - TITLE STATEMENT
Title Advances in agro industry and food processing
260 ## - PUBLICATION, DISTRIBUTION, ETC.
Place of publication, distribution, etc. New Delhi
Name of publisher, distributor, etc. Dorminant publishers & distributors
Date of publication, distribution, etc. 1999
350 ## -
-- 0.00
995 ## -
-- ANNEX COLLECTION (Main Library)
-- 0.00
-- 732400
-- CBU-MAIN LIBRARY (Kitwe)
-- 3
-- 0.00
-- TP 370 Chi
-- 3
-- AVAILABLE
-- 029592
-- Annex Low-Usage Collection
995 ## -
-- ANNEX COLLECTION (Main Library)
-- 0.00
-- 029591
-- CBU-MAIN LIBRARY (Kitwe)
-- 1
-- 0.00
-- TP 370 Chi
-- AVAILABLE
-- 029591
-- Annex Low-Usage Collection
995 ## -
-- ANNEX COLLECTION (Main Library)
-- 0.00
-- 732401
-- CBU-MAIN LIBRARY (Kitwe)
-- 2
-- 0.00
-- TP 370 Chi
-- 2
-- AVAILABLE
-- 029590
-- Annex Low-Usage Collection
999 ## -
-- 83734
-- 83734
Holdings
Withdrawn status Lost status Source of classification or shelving scheme Damaged status Not for loan Permanent Location Current Location Shelving location Date acquired Total Checkouts Full call number Barcode Date last seen Copy number Price effective from Koha item type
          CBU-MAIN LIBRARY, KITWE. CBU-MAIN LIBRARY, KITWE.   01/08/2024   TP 370 Chi 029592 01/08/2024 1 01/08/2024 MONOGRAPH
Withdrawn         CBU-MAIN LIBRARY, KITWE. CBU-MAIN LIBRARY, KITWE.   01/08/2024   TP 370 Chi 029591 01/08/2024 2 01/08/2024 MONOGRAPH
          CBU-MAIN LIBRARY, KITWE. CBU-MAIN LIBRARY, KITWE.   01/08/2024   TP 370 Chi 029590 01/08/2024 3 01/08/2024 MONOGRAPH